000 00375 a2200133 4500
001 ART_46581
005 20260410161827.0
008 260409a
245 1 0 _aLa calidad ambiental en Necochea
100 1 _aMaffioni, Julieta
700 1 _aBertoni, Marcela
700 1 _aFaginas, Valeria
773 0 _tFACES
_g- Año 22, Nº 46 (ene./jun. 2016)
_wREV5046
999 _c22882
_d22882